Vzájomné vzťahy Ukrajiny s Európskou úniou a problémové otázky

Spolupráca Ukrajiny s Európskou úniou. Činitele, ktoré komplikujú obchodné vzťahy Ukrajiny s krajinami EÚ. Pohľad na ekonomickú slobodu v okolitých krajinách EÚ.

Salvato in:
Dettagli Bibliografici
Autore principale: Greššová, Mária
Natura: Capitolo di libro
Lingua:slovacco
Soggetti:
Tags: Aggiungi Tag
Nessun Tag, puoi essere il primo ad aggiungerne!!

MARC

LEADER 00000naa$a2200000$$$4500
001 0084445
005 20240502071943.5
041 0 |a slo 
044 |a SK 
245 1 0 |a Vzájomné vzťahy Ukrajiny s Európskou úniou a problémové otázky  |c Mária Greššová 
520 |a Spolupráca Ukrajiny s Európskou úniou. Činitele, ktoré komplikujú obchodné vzťahy Ukrajiny s krajinami EÚ. Pohľad na ekonomickú slobodu v okolitých krajinách EÚ. 
610 2 0 |a Ukrajina 
610 2 0 |a Európska únia 
610 2 0 |a spolupráca hospodárska medzinárodná 
610 2 0 |a vzťahy medzinárodné 
610 2 0 |a politika medzinárodná 
100 1 |a Greššová, Mária